000 00917nam a2200193Ii 4500
003 JO-AjNU
008 230605s9999||||xx |||||||||||||| ||und||
040 _aJO-AjNU
_bara
_erda
_cJO-AjNU
041 _aara
050 1 4 _aBF561 2014
100 3 _aالزومان، موضي بنت محمد ,
_eauthor
_952075
245 0 0 _aمستوى الذكاء العاطفي لدى القادة : دراسة ميدانية على الأجهزة الحكومية بالمملكة العربية السعودية
264 3 1 _aالقاهرة: المنظمة العربية للتنمية الادارية، 2014
300 _a49ص
_bالمراجع العربية والاجنبية ص 41-49
336 _atext
_btxt
_2rdacontent
337 _aunmediated
_bn
_2rdamedia
338 _avolume
_bnc
_2rdacarrier
650 4 _aالذكاء الوجداني- القيادة الادارية- جوانب نفسية- السعودية
_952076
999 _aA23046
_c26614
_d26614